000 00294nam a22001337a 4500
008 181030b xxu||||| |||| 00| 0 eng d
020 _a0913486795
041 _aeng
080 _a616.12
100 _a7
101 _aKAR
245 _aIntensive Coronary Care
_cMeltzer, L.E
942 _2udc
_cBK
999 _c51113
_d51113